Riadiaci systém pre kalibráciu elektromagnetického poľa a skúšky odolnosti voči elektromagnetickému poľu

Uložené v:
Podrobná bibliografia
Hlavný autor: Gabrišák, Martin (Autor)
Ďalší autori: Hallon, Jozef (Vedúci práce)
Médium: Rukopis Kniha
Jazyk:Slovak
Vydavateľské údaje: Bratislava : STU v Bratislave FEI, 2023
Predmet:
On-line prístup:https://opac.crzp.sk/?fn=detailBiblioFormChildE11FJ&sid=EC7951772ACC837B5F79C6A56A1E&seo=CRZP-detail-kniha
Tagy: Pridať tag
Žiadne tagy, Buďte prvý, kto otaguje tento záznam!

MARC

LEADER 00000ntm a22000003a 4500
001 stuzp91214
003 SK-STU
005 20241125130521.5
007 ta
008 150427s2015----xo-----f-mn---000-0-slo-d
040 |a STU  |b slo 
041 0 |a slo 
044 |a xo 
100 1 |a Gabrišák, Martin  |u 034000  |k Z3  |4 aut  |U FEI Fakulta elektrotechniky a informatiky  |T FEI Ústav elektrotechniky  |X 98783  |U E040  |Y 550  |7 98783 
242 0 1 |a Control system for electromagnetic field calibration and electromagnetic field immunity testing  |y eng 
245 1 0 |a Riadiaci systém pre kalibráciu elektromagnetického poľa a skúšky odolnosti voči elektromagnetickému poľu 
260 |a Bratislava :  |b STU v Bratislave FEI,  |c 2023 
300 |a 118 s. 
650 4 |a Elektromagnetická kompatibilita  |2 slo 
650 4 |a Skúška odolnosti proti elektromagnetickému poľu  |2 slo 
650 4 |a Kalibrácia elektromagnetického poľa  |2 slo 
650 4 |a Electromagnetic compatibility  |2 eng 
650 4 |a Calibration of an electromagnetic field  |2 eng 
650 4 |a Electromagnetic field immunity testing  |2 eng 
700 1 |a Hallon, Jozef  |u 034000  |k Z2  |4 ths  |U FEI Fakulta elektrotechniky a informatiky  |T FEI Ústav elektrotechniky  |X 2068  |U E040  |Y 550  |7 A000002068 
856 4 |u https://opac.crzp.sk/?fn=detailBiblioFormChildE11FJ&sid=EC7951772ACC837B5F79C6A56A1E&seo=CRZP-detail-kniha